000 00676nam a2200217Ia 4500
005 20241129110945.0
008 241129s9999||||xx |||||||||||||| ||und||
020 _a978-1-032-33229-1
037 _aTB
040 _aCRL
_beng
_cCRL
041 _aeng
_2eng
084 _aO157mN, 111R2
_qCRL
100 _aGooptu Sarvani Au.
_9589754
245 0 _aKnowing asia being asian: cosmopolitanism and nationalism in Bengali periodicals 1860-1940
_cGooptu Sarvani Au.
260 _aNew Delhi, USA
_bRoutledge
_c2022
300 _axli,234p.
365 _aINR
_b995
650 _aBengali Periodical
_9722956
942 _cTB
_hO157mN, 111R2
999 _c1228279
_d1228279